[Event "Milan Crespi op-A 35th"]
[Site "Milan"]
[Date "2014.12.09"]
[Round "5"]
[White "Podetti, Davide"]
[Black "Garano, Nicola"]
[Result "0-1"]
[WhiteElo "2002"]
[BlackElo "2189"]
[PlyCount "90"]
[EventDate "2014.12.06"]
[EventType "swiss"]
[EventRounds "9"]
[EventCountry "ITA"]
[SourceTitle "EXT 2016"]
[Source "ChessBase"]
[SourceDate "2015.10.08"]
[SourceVersion "1"]
[SourceVersionDate "2015.10.08"]
[SourceQuality "1"]

1. e4 c5 2. Nc3 Nc6 3. g3 g6 4. Bg2 Bg7 5. d3 d6 6. f4 e6 7. Nf3 Nge7 8. 0-0 0-0 9. Be3 Nd4 10. Rb1 Nec6 11. Ne2 e5 12. c3 Nxf3+ 13. Bxf3 exf4 14. Nxf4 Ne5 15. Nd5 Be6 16. Qd2 Bxd5 17. exd5 Qd7 18. b3 Rae8 19. d4 cxd4 20. Bxd4 Qf5 21. Bg2 Qh5 22. Rbe1 b6 23. Bxe5 Rxe5 24. Bf3 Qf5 25. Bg2 Qc8 26. Rxe5 Bxe5 27. c4 Re8 28. Qd3 Qg4 29. Bf3 Qg5 30. Bg2 h5 31. Qf3 Re7 32. Kh1 h4 33. gxh4 Qxh4 34. Qh3 Qd4 35. Qc8+ Kg7 36. Qh3 Re8 37. Qd7 Rf8 38. a4 Qh4 39. Qh3 Qe7 40. Qf3 Rh8 41. Bh3 Rh5 42. Rf2 f5 43. Rg2 Qh4 44. Bxf5 Qe1+ 45. Rg1 Rxh2# 0-1

[Event "Milan Crespi op-A 31st"]
[Site "Milan"]
[Date "2010.12.08"]
[Round "6"]
[White "Damia, Angelo"]
[Black "Garano, Nicola"]
[Result "1/2-1/2"]
[WhiteElo "2302"]
[BlackElo "2171"]
[PlyCount "38"]
[EventDate "2010.12.04"]
[EventType "swiss"]
[EventRounds "9"]
[EventCountry "ITA"]
[SourceTitle "CBM 139 Extra"]
[Source "ChessBase"]
[SourceDate "2011.01.05"]
[SourceVersion "1"]
[SourceVersionDate "2011.01.05"]
[SourceQuality "1"]

1. e4 c5 2. a3 g6 3. b4 Bg7 4. c3 d6 5. d4 Nf6 6. Bd3 0-0 7. Ne2 Nbd7 8. 0-0 a5 9. bxc5 dxc5 10. Ra2 e5 11. d5 c4 12. Bc2 Nc5 13. f3 b5 14. Be3 Qd6 15. Nd2 Ba6 16. Nc1 Rfc8 17. Qe2 Nh5 18. g3 Nd7 19. Nb1 b4 1/2-1/2

[Event "Milan Crespi op-A 31st"]
[Site "Milan"]
[Date "2010.12.08"]
[Round "5"]
[White "Garano, Nicola"]
[Black "Iudicello, Giovanni"]
[Result "1-0"]
[WhiteElo "2171"]
[BlackElo "2158"]
[PlyCount "181"]
[EventDate "2010.12.04"]
[EventType "swiss"]
[EventRounds "9"]
[EventCountry "ITA"]
[SourceTitle "CBM 139 Extra"]
[Source "ChessBase"]
[SourceDate "2011.01.05"]
[SourceVersion "1"]
[SourceVersionDate "2011.01.05"]
[SourceQuality "1"]

1. e4 e5 2. Nf3 Nc6 3. Bb5 a6 4. Ba4 Nf6 5. 0-0 Be7 6. d3 d6 7. c3 0-0 8. Re1 b5 9. Bc2 Bb7 10. Nbd2 Nb8 11. a4 c5 12. axb5 axb5 13. Rxa8 Bxa8 14. d4 Qc7 15. d5 Bb7 16. Nf1 Nbd7 17. Ng3 Ra8 18. b3 c4 19. b4 Nb6 20. Bg5 Bc8 21. h3 h6 22. Bd2 Qa7 23. Be3 Qb7 24. Qc1 Bf8 25. Nh4 Qa6 26. Rf1 Nbd7 27. Nhf5 Kh7 28. f4 Qa3 29. Qd2 Qb2 30. fxe5 Nxe5 31. Nd4 Bd7 32. Bxh6 Ra1 33. Bd1 Qxd2 34. Bxd2 Ra2 35. Bg5 Ne8 36. Bh5 g6 37. Bg4 Nxg4 38. hxg4 Kg7 39. Bd8 Ra8 40. Bh4 Ra3 41. Rc1 Nf6 42. g5 Nh7 43. Nge2 Be7 44. Nf3 Kf8 45. Rc2 Ke8 46. Kf2 Kd8 47. Ke3 Kc7 48. Kf4 Bf8 49. Bf2 Be7 50. Bd4 Ra1 51. Ng3 f6 52. gxf6 Nxf6 53. Rf2 Bc8 54. Ng5 Kd7 55. Ne6 Ne8 56. Ke3 Nc7 57. Nxc7 Kxc7 58. Rf7 Kd8 59. Bf6 Bxf6 60. Rxf6 Kc7 61. Rxg6 Ra2 62. Ne2 Bd7 63. Rg8 Ra1 64. g4 Re1 65. Kf2 Rd1 66. Rg7 Kd8 67. g5 Rd2 68. Ke1 Rd3 69. g6 Bg4 70. Rg8+ Ke7 71. Rb8 Kf6 72. Rb7 Bxe2 73. g7 Rg3 74. Kxe2 Rxg7 75. Rxg7 Kxg7 76. Ke3 Kg6 77. Kf3 Kg5 78. Kg3 Kg6 79. Kg4 Kf6 80. Kf4 Ke7 81. Kf5 Kf7 82. e5 Ke7 83. e6 Ke8 84. Kg6 Ke7 85. Kg7 Ke8 86. Kf6 Kf8 87. e7+ Ke8 88. Kg6 Kxe7 89. Kg7 Ke8 90. Kf6 Kd7 91. Kf7 1-0

[Event "SUI-ch"]
[Site "Graechen"]
[Date "2009.07.11"]
[Round "3"]
[White "Garano, Nicola"]
[Black "Ekstroem, Roland"]
[Result "0-1"]
[WhiteElo "2228"]
[BlackElo "2482"]
[PlyCount "76"]
[EventDate "2009.07.09"]
[EventType "swiss"]
[EventRounds "9"]
[EventCountry "SUI"]
[SourceTitle "CBM 131 Extra"]
[Source "ChessBase"]
[SourceDate "2009.09.03"]
[SourceVersion "2"]
[SourceVersionDate "2009.09.16"]
[SourceQuality "1"]

1. e4 c6 2. d4 d5 3. Nc3 dxe4 4. Nxe4 Bf5 5. Ng3 Bg6 6. h4 h6 7. Nf3 Nd7 8. h5 Bh7 9. Bd3 Bxd3 10. Qxd3 e6 11. Bf4 Qa5+ 12. Bd2 Bb4 13. c3 Be7 14. c4 Qa6 15. Ne5 Ngf6 16. Ne4 Rd8 17. Qe2 Nxe4 18. Qxe4 Nxe5 19. dxe5 Qb6 20. Bc3 Bb4 21. 0-0 0-0 22. Rfd1 Bxc3 23. bxc3 Qc5 24. Rd4 Rxd4 25. Qxd4 Qa5 26. Qe3 Rd8 27. a4 b5 28. cxb5 cxb5 29. Qc5 Rd5 30. Qc8+ Kh7 31. Qe8 Qxc3 32. Rf1 Qc7 33. f4 b4 34. f5 Rxe5 35. fxe6 Qb6+ 36. Kh2 Rxh5+ 37. Kg3 Qd6+ 38. Rf4 Rf5 0-1

[Event "Milan Crespi op-A 29th"]
[Site "Milan"]
[Date "2008.12.08"]
[Round "3"]
[White "Salmoiraghi, Angelo"]
[Black "Garano, Nicola"]
[Result "1-0"]
[WhiteElo "2122"]
[BlackElo "2251"]
[PlyCount "73"]
[EventDate "2008.12.06"]
[EventType "swiss"]
[EventRounds "9"]
[EventCountry "ITA"]
[SourceTitle "CBM 130 Extra"]
[Source "ChessBase"]
[SourceDate "2009.07.02"]
[SourceVersion "2"]
[SourceVersionDate "2009.07.15"]
[SourceQuality "1"]

1. e4 c5 2. Nc3 Nc6 3. g3 g6 4. Bg2 Bg7 5. d3 e5 6. f4 d6 7. Nce2 Nge7 8. Nf3 0-0 9. 0-0 h6 10. Nh4 exf4 11. gxf4 Bg4 12. h3 Bxe2 13. Qxe2 Nd4 14. Qf2 f5 15. c3 Ndc6 16. Qg3 Kh7 17. exf5 gxf5 18. Kh2 Bf6 19. Bf3 Rf7 20. Qf2 Rg7 21. Be3 Qb6 22. b4 Nxb4 23. cxb4 Bxa1 24. Rxa1 Qxb4 25. Qc2 Rb8 26. Rb1 Qa5 27. Bd2 Qc7 28. Bc3 Rgg8 29. Re1 Rbf8 30. Re6 d5 31. Be5 Qd7 32. Rd6 Qc8 33. Bh5 b6 34. Qe2 c4 35. Bd4 Qc7 36. Qe6 Qxd6 37. Qxd6 1-0

[Event "Bratto op-A 28th"]
[Site "Bratto"]
[Date "2008.08.30"]
[Round "9"]
[White "Garano, Nicola"]
[Black "Spassov, Liuben"]
[Result "0-1"]
[WhiteElo "2265"]
[BlackElo "2428"]
[PlyCount "70"]
[EventDate "2008.08.22"]
[EventType "swiss"]
[EventRounds "9"]
[EventCountry "ITA"]
[SourceTitle "EXT 2010"]
[Source "ChessBase"]
[SourceDate "2010.11.25"]
[SourceVersion "1"]
[SourceVersionDate "2010.11.25"]
[SourceQuality "1"]

1. e4 c6 2. d4 d5 3. Nd2 dxe4 4. Nxe4 Bf5 5. Ng3 Bg6 6. h4 h6 7. Nf3 Nd7 8. h5 Bh7 9. Bd3 Bxd3 10. Qxd3 e6 11. Bf4 Qa5+ 12. Bd2 Bb4 13. Ne4 Ngf6 14. c3 Be7 15. c4 Qc7 16. 0-0-0 Rd8 17. Kb1 0-0 18. Rdg1 Ng4 19. Qe2 c5 20. Bc3 Rfe8 21. Nfd2 f5 22. f3 Ngf6 23. g4 Nxe4 24. fxe4 cxd4 25. Bxd4 Ne5 26. Bc3 fxg4 27. Rxg4 Nxg4 28. Qxg4 Bg5 29. Qe2 Rf8 30. Nf3 Bf6 31. e5 Be7 32. Nd4 Bc5 33. Nxe6 Qc6 34. Qg4 Qxh1+ 35. Kc2 Qg1 0-1

[Event "Bratto op-A 28th"]
[Site "Bratto"]
[Date "2008.08.23"]
[Round "2"]
[White "Marguerettaz, Davy"]
[Black "Garano, Nicola"]
[Result "0-1"]
[WhiteElo "1987"]
[BlackElo "2265"]
[PlyCount "76"]
[EventDate "2008.08.22"]
[EventType "swiss"]
[EventRounds "9"]
[EventCountry "ITA"]
[SourceTitle "CBM 126 Extra"]
[Source "ChessBase"]
[SourceDate "2008.11.05"]
[SourceVersion "1"]
[SourceVersionDate "2008.11.05"]
[SourceQuality "1"]

1. e4 c5 2. c3 d5 3. exd5 Qxd5 4. d4 Nf6 5. Nf3 Bg4 6. Be2 e6 7. 0-0 Be7 8. h3 Bh5 9. dxc5 Qxc5 10. Qa4+ Nbd7 11. b3 Qc7 12. Ba3 Bc5 13. Bxc5 Qxc5 14. Rd1 Qe7 15. g4 Bg6 16. Ne5 a6 17. g5 Nd5 18. Nxd7 Qxg5+ 19. Bg4 0-0-0 20. Qc4+ Nc7 21. Nb6+ Kb8 22. Na3 h5 23. Nd7+ Kc8 24. f4 Qh4 25. Bf3 Qg3+ 26. Bg2 Rxd7 27. Rxd7 Kxd7 28. Qd4+ Kc8 29. Qb6 Be4 30. Qf2 Qxg2+ 31. Qxg2 Bxg2 32. Kxg2 Rd8 33. Nc4 Nd5 34. Kf3 Nxc3 35. Ne5 Kb8 36. Nxf7 Rd3+ 37. Kg2 Nd5 38. Rf1 Ne3+ 0-1

[Event "ITA-chT A2 Est"]
[Site "Italy"]
[Date "1994.02.27"]
[Round "1.4"]
[White "Gasser, Giorgio"]
[Black "Garano, Nicola"]
[Result "1-0"]
[WhiteElo "2300"]
[BlackElo "1975"]
[PlyCount "65"]
[EventDate "1994.02.27"]
[EventType "team-tourn"]
[EventRounds "5"]
[EventCountry "ITA"]
[SourceTitle "EXT 2022"]
[Source "ChessBase"]
[SourceDate "2021.10.06"]
[SourceVersion "1"]
[SourceVersionDate "2021.10.06"]
[SourceQuality "1"]
[WhiteTeam "Monfalcone DFL"]
[BlackTeam "Trieste"]
[WhiteTeamCountry "ITA"]
[BlackTeamCountry "ITA"]

1. e4 c5 2. Nc3 Nc6 3. g3 g6 4. Bg2 Bg7 5. d3 d6 6. Nge2 e5 7. 0-0 Nge7 8. h3 0-0 9. Bg5 h6 10. Bd2 Rb8 11. Kh2 f5 12. exf5 gxf5 13. Nd5 Be6 14. Nec3 b5 15. a3 Nd4 16. Nxe7+ Qxe7 17. Ne2 Qf7 18. Nxd4 cxd4 19. Bb4 Bd5 20. c3 Bxg2 21. Kxg2 Qd5+ 22. Kh2 Rf7 23. cxd4 Qxd4 24. Qb3 d5 25. Rac1 e4 26. dxe4 fxe4 27. Bc5 Qe5 28. Rcd1 Rd8 29. Bd4 Qd6 30. Bxg7 Rxg7 31. Rd4 h5 32. Rxe4 Qg6 33. Rd4 1-0

[Event "Caorle op-B"]
[Site "Caorle"]
[Date "1991.07.13"]
[Round "8.1"]
[White "Facchetti, Gianni"]
[Black "Garano, Nicola"]
[Result "1-0"]
[WhiteElo "2043"]
[BlackElo "1900"]
[PlyCount "113"]
[EventDate "1991.07.05"]
[EventType "swiss"]
[EventRounds "8"]
[EventCountry "ITA"]
[SourceTitle "EXT 2023"]
[Source "ChessBase"]
[SourceDate "2022.10.05"]
[SourceVersion "1"]
[SourceVersionDate "2022.10.05"]
[SourceQuality "1"]

1. e4 c5 2. Nf3 Nc6 3. Bb5 g6 4. c3 Nf6 5. Qe2 Bg7 6. 0-0 0-0 7. d3 Ne8 8. Bf4 Nc7 9. Ba4 a6 10. Bc2 b5 11. Be3 d6 12. d4 cxd4 13. Nxd4 Bd7 14. a3 e5 15. Nxc6 Bxc6 16. Rd1 Qe7 17. Nd2 Kh8 18. Nb3 Rad8 19. Qg4 f5 20. exf5 Bd7 21. Qb4 Bxf5 22. Bxf5 Rxf5 23. Na5 Rd7 24. Rd2 Qe6 25. Rad1 d5 26. Nb7 Qc6 27. Na5 Qe6 28. Qg4 Ne8 29. Nb3 Nf6 30. Qh3 Qc6 31. f3 Rh5 32. Qg3 Rf5 33. Nc5 Rf7 34. Qh3 Bf8 35. Nd3 Rh5 36. Qg3 Bd6 37. Nb4 Bxb4 38. axb4 Rf5 39. Qe1 Qc4 40. Qe2 Qh4 41. Bf2 Qh6 42. Qe3 Qf8 43. g4 d4 44. cxd4 exd4 45. Rxd4 Nxg4 46. Rxg4 Rxf3 47. Qd4+ Kg8 48. Rg2 R3f4 49. Qd2 R7f5 50. h3 Rf3 51. Bc5 Rf1+ 52. Rxf1 Rxf1+ 53. Kh2 Qa8 54. Qd6 Qe4 55. Qd8+ Kg7 56. Qd4+ Qxd4 57. Bxd4+ 1-0

[Event "Caorle op-B"]
[Site "Caorle"]
[Date "1991.07.10"]
[Round "5.12"]
[White "Garano, Nicola"]
[Black "Boes, Robert"]
[Result "1-0"]
[WhiteElo "1900"]
[BlackElo "2000"]
[PlyCount "63"]
[EventDate "1991.07.05"]
[EventType "swiss"]
[EventRounds "8"]
[EventCountry "ITA"]
[SourceTitle "EXT 2023"]
[Source "ChessBase"]
[SourceDate "2022.10.05"]
[SourceVersion "1"]
[SourceVersionDate "2022.10.05"]
[SourceQuality "1"]

1. e4 c6 2. d4 d5 3. Nd2 dxe4 4. Nxe4 Bf5 5. Ng3 Bg6 6. Nf3 Nd7 7. h4 h6 8. h5 Bh7 9. Bd3 Bxd3 10. Qxd3 Qc7 11. Bd2 e6 12. 0-0-0 0-0-0 13. Ne4 Ngf6 14. g3 Nxe4 15. Qxe4 Bd6 16. Kb1 c5 17. c4 Nf6 18. Qe2 Rhe8 19. b4 cxb4 20. c5 Bf8 21. Bf4 Qa5 22. Qe5 Nd7 23. Qe4 Qa4 24. Rd2 f6 25. Rc1 Nb8 26. c6 Nxc6 27. d5 exd5 28. Qf5+ Rd7 29. Rxd5 Red8 30. Ra5 Qxa5 31. Qxa5 Rd1 32. Qc7# 1-0